UBT Library

Mineral resources and the environment : (Record no. 47408)

000 -LEADER
fixed length control field 00744cam a2200241 i 4500
001 - CONTROL NUMBER
control field 3160734
005 - DATE AND TIME OF LATEST TRANSACTION
control field 20180829072110.0
008 - FIXED-LENGTH DATA ELEMENTS--GENERAL INFORMATION
fixed length control field 750423s1975 dcua b 000 0 engd
010 ## - LIBRARY OF CONGRESS CONTROL NUMBER
LC control number 75004176
020 ## - INTERNATIONAL STANDARD BOOK NUMBER
International Standard Book Number 0309023432
040 ## - CATALOGING SOURCE
Original cataloging agency DLC
Transcribing agency DLC
Modifying agency DLC
041 ## - LANGUAGE CODE
Language code of text/sound track or separate title eng
043 ## - GEOGRAPHIC AREA CODE
Geographic area code n-us---
051 ## - LIBRARY OF CONGRESS COPY, ISSUE, OFFPRINT STATEMENT
Classification number TD195.M5
Item number N37 1975 Suppl.
080 ## - UNIVERSAL DECIMAL CLASSIFICATION NUMBER
Universal Decimal Classification number 333.809
082 00 - DEWEY DECIMAL CLASSIFICATION NUMBER
Classification number 333.809
100 ## - Rafti
Rafti 9
101 ## - Shkurtesa
Shkurtesa MJE
245 10 - TITLE STATEMENT
Title Mineral resources and the environment :
Statement of responsibility, etc prepared by the Committee on Mineral Resources and the Environment (COMRATE), Commission on Natural Resources, National Research Council.
504 ## - BIBLIOGRAPHY, ETC. NOTE
Bibliography, etc Bibliography: p. 317-33.
906 ## - LOCAL DATA ELEMENT F, LDF (RLIN)
a 7
b cbc
c orignew
d 2
e ocip
f 19
g y-gencatlg
942 ## - ADDED ENTRY ELEMENTS (KOHA)
Source of classification or shelving scheme
Item type Books
Holdings
Withdrawn status Lost status Source of classification or shelving scheme Damaged status Not for loan Collection code Permanent location Current location Shelving location Date acquired Total Checkouts Full call number Barcode Date last seen Price effective from Koha item type
          Koleksioni i përgjithshem UBT - Lipjan UBT - Lipjan Koleksioni i përgjithshem 08/29/2018   333.809 WAS 002-3011984 08/29/2018 08/29/2018 Books
UBT Library © 2015-2024. All rights reserved University Education for Business and Technology